| 000 | 01039nam a22003377a 4500 | ||
|---|---|---|---|
| 001 | BR0601784 | ||
| 003 | BR-BrBNA | ||
| 005 | 20230928102125.0 | ||
| 007 | ta | ||
| 008 | 230509b bl.||||| |||| 00| 0 por d | ||
| 040 |
_aBR-BrBNA _bpor _cBiblioteca Nacional de Agricultura |
||
| 041 | _a(Por) | ||
| 072 |
_aF60; Q54 _b8951 _b1930 |
||
| 090 | _ 8951 BR0601784 | ||
| 100 | 1 | _aReis, S.T. dos | |
| 110 | 1 |
_aUniversidade Federal de Lavras, MG (Brasil) _0Tese (Doutorado) |
|
| 245 | 1 | _aFracionamento e degradabilidade ruminal de proteínas e carboidratados de forrageiras do gênero Cynodon | |
| 260 | 3 |
_aLavras, MG (Brasil): _c2005. |
|
| 300 | _a70 p. | ||
| 500 | _aSummaries (Eng, Por); Bibliography p. 52-63; 14 tables | ||
| 650 | _aGRAMÍNEA FORRAGEIRA | ||
| 650 | _aCOMPOSIÇÃO QUÍMICA | ||
| 650 | _aCARBOIDRATO | ||
| 650 | _aPROTEÍNA | ||
| 650 | _aBROMATOLOGIA | ||
| 650 | _aVALOR NUTRITIVO | ||
| 650 | _aDIGESTIBILIDADE IN VITRO | ||
| 650 | _aRUMINAÇÃO | ||
| 909 |
_a202309 _bLucia _c55 _dLucia Elande |
||
| 942 | _cBK | ||
| 999 |
_c69253 _d69253 |
||